Statistics for Football Teams William Gallas Played For

Click here to take the quiz!

General Stats

  • This quiz has been taken 21 times
  • The average score is 4 of 6

Answer Stats

LeagueYearsTeam% Correct
England2006-2010Arsenal FC
100%
England2001-2006Chelsea FC
100%
France1997-2001Olympique de Marseille
75%
England2010-2013Tottenham Hotspur
69%
Australia2013-2014Perth Glory
44%
France1995-1997SM Caen
19%

Score Distribution

Percentile by Number Answered

Percent of People with Each Score

Your Score History

You have not taken this quiz